000 00705nam a2200253Ia 4500
003 OSt
005 20220918183938.0
006 a|||||r|||| 00| 0
007 ta
008 220917b |||||||| |||| 00| 0 eng d
024 _a42,731
037 _cTextual
040 _aARTS
_cARTS
_beng
041 _2eng
_aeng
082 _aO152,1I00,1, 111M6
100 _aKabir
_954516
245 0 _aBijak tr in English by Linda Hess and Shukdev Singh
260 _aDelhi
_bMotilal Banarsidass India
_c1986
300 _axiii,195p.
_ccm.
500 _aAppendix 136-67p
650 _aHINDI LITERATURE
_923866
942 _hO152,1I00,1, 111M6
_cTEXL
_2CC
999 _c174450
_d174450